Untold Tales Of PAF (Record no. 295203)

000 -LEADER
fixed length control field 00305 a2200145 4500
001 - CONTROL NUMBER
control field 60130
082 ## - DEWEY DECIMAL CLASSIFICATION NUMBER
Classification number 358.0095491 KAM
090 ## - LOCALLY ASSIGNED LC-TYPE CALL NUMBER (OCLC); LOCAL CALL NUMBER (RLIN)
-- 36940
-- 36940
100 ## - MAIN ENTRY--PERSONAL NAME
Personal name Kamal Ahmed
245 ## - TITLE STATEMENT
Title Untold Tales Of PAF
260 ## - PUBLICATION, DISTRIBUTION, ETC.
Place of publication, distribution, etc. PAF
Name of publisher, distributor, etc. PAF Book Club
300 ## - PHYSICAL DESCRIPTION
Extent 281
500 ## - GENERAL NOTE
General note PAF
520 ## - SUMMARY, ETC.
Summary, etc. PAF
942 ## - ADDED ENTRY ELEMENTS (KOHA)
Institution code [OBSOLETE] caenust
Call number prefix 358.0095491 KAM
Holdings
Withdrawn status Lost status Damaged status Not for loan Collection code Permanent Location Current Location Date acquired Total Checkouts Full call number Barcode Date last seen Price effective from Koha item type
          College of Aeronautical Engineering (CAE) College of Aeronautical Engineering (CAE) 04/03/2017   358.0095491 KAM CAEG-6069 04/05/2017 04/05/2017 Book
© 2023 Central Library, National University of Sciences and Technology. All Rights Reserved.